| 000 | 00745nam a2200241 a 4500 | ||
|---|---|---|---|
| 001 | BRCA_7622 | ||
| 005 | 20190320205920.0 | ||
| 008 | 090713s1955----sp-a######---#000-0#spa-# | ||
| 041 | _aspa | ||
| 044 | _asp | ||
| 050 | 4 |
_aZ8321.32 _b.R63 1955 |
|
| 100 | 1 |
_aRodríguez Moñino, A. _918801 |
|
| 245 | 1 | 0 |
_aDon Bartolomé José Gallardo (1776-1852) _bestudio bibliográfico _cpor A. Rodríguez Moñino. |
| 260 |
_aMadrid _bSancha _c1955 |
||
| 300 |
_a362 p. _c25 cm. |
||
| 500 | _aEjemplar numerado 65 de 90 | ||
| 500 | _aT31 | ||
| 504 | _aBibliografía p. 345-346 | ||
| 600 | 1 | 4 |
_aGallardo y Blanco, Bartolomé José _d1776-1852 _vBibliografía _918802 |
| 650 | 1 | 4 |
_aAutores españoles _vBibliografía _918803 |
| 902 | _aGFM | ||
| 942 |
_2lcc _cB |
||
| 999 |
_c7296 _d7296 |
||